000 01005cam a2200325 4500
999 _c5957
_d5957
003 CaAEU
005 20221117093353.0
008 201125s2020 nyu o 000 0 eng d
020 _a1260462854
020 _a9781260462852
039 _aexclude
040 _cYDX
050 4 _aTA357.3
_b.P68 2020
090 _aInternet Access
_bAEU
100 1 _aPotter, Merle C.
245 1 0 _aSchaum's Outline of Fluid Mechanics
250 _a2nd ed.
260 _aNew York
_bMcGraw Hill Education
_c2020.
300 _a1 online resource
336 _atext
_btxt
_2rdacontent
337 _acomputer
_bc
_2rdamedia
338 _aonline resource
_bcr
_2rdacarrier
506 _aAccess restricted to authorized users and institutions.
650 0 _aFluid mechanics.
650 7 _aFluid mechanics.
_2fast
_0(OCoLC)fst00927999
700 1 _aWiggert, D. C.
856 4 0 _uhttp://172.30.46.200/cgi-bin/koha/opac-retrieve-file.pl?id=5538e17aec709abc8f861d8c4b303153
942 _2lcc
_cEB
_nMW
949 _hUAIN
_zDEL